Proceedings of the symposium on agricultural extension services in the 21st century : Needs and challenges
Guardado en:
| Formato: | Libro |
|---|---|
| Lenguaje: | Undetermined |
| Publicado: |
Venue
Department of Agriculture Extension Education Bangladesh Agriculture University mymensingh
1999
|
| Materias: | |
| Etiquetas: |
Agregar Etiqueta
Sin Etiquetas, Sea el primero en etiquetar este registro!
|
| Thư viện lưu trữ: | Trung tâm Học liệu Trường Đại học Cần Thơ |
|---|
| LEADER | 00586nam a2200169Ia 4500 | ||
|---|---|---|---|
| 001 | CTU_122450 | ||
| 008 | 210402s9999 xx 000 0 und d | ||
| 082 | |a 630.715 | ||
| 082 | |b P963 | ||
| 245 | 0 | |a Proceedings of the symposium on agricultural extension services in the 21st century : | |
| 245 | 0 | |b Needs and challenges | |
| 260 | |a Venue | ||
| 260 | |b Department of Agriculture Extension Education Bangladesh Agriculture University mymensingh | ||
| 260 | |c 1999 | ||
| 650 | |a Agricultural extension work | ||
| 904 | |i M.Loan | ||
| 980 | |a Trung tâm Học liệu Trường Đại học Cần Thơ | ||